| 000 | 00864cam a2200289 4500 | ||
|---|---|---|---|
| 001 | ABS63131 | ||
| 008 | 000000n2000 000 0 eng u | ||
| 035 | _a(Sirsi) u109693 | ||
| 245 | _aProperty partners supplement | ||
| 260 | _c2000 | ||
| 490 |
_aProperty Week _vNovember 2000 LOAN |
||
| 520 | _aSpecial supplement on the key players in the property industry. Investigates the role of banks, architects, lawyers, accountants, contractors and quantity surveyors. | ||
| 590 | _aABS | ||
| 650 | _aPARTNERING | ||
| 650 | _aPROPERTY PROFESSIONALS | ||
| 650 | _aLEAGUE TABLES | ||
| 650 | _aARCHITECTS | ||
| 650 | _aBANKING | ||
| 650 | _aLAWYERS | ||
| 650 | _aACCOUNTANTS | ||
| 650 | _aCONTRACTORS | ||
| 650 | _aQUANTITY SURVEYORS | ||
| 650 | _aPROPERTY INDUSTRY | ||
| 650 | _aRANKINGS | ||
| 690 | _aPROPERTY-COMMERCIAL PROPERTY | ||
| 942 | _n0 | ||
| 999 |
_c65484 _d65484 |
||